| 000 | 00576nam a2200181Ia 4500 | ||
|---|---|---|---|
| 008 | 240925s9999 xx 000 0 und d | ||
| 020 | _a9789332547957 | ||
| 082 | _a005.3 ROZ | ||
| 100 | _aRozanski, Nick ; Woods, Eoin | ||
| 245 | 0 | _aSoftware Systems Architecture: Working with stakeholders using viewpoints and perspectives | |
| 250 | _a2nd | ||
| 260 |
_aNew Delhi: _bPearson Education _c,2016. |
||
| 300 |
_axlv, 1000p. _b0 _fOriginal |
||
| 500 | _aIncludes Index | ||
| 600 | _aComputer Science | ||
| 650 | _aComputer science, information & general works | ||
| 942 | _cBK | ||
| 999 |
_c13458 _d13458 |
||